000
00232nam a2200085Ia 4500
245
0
_a
Scooby-Doo!The secret santa mystery
100
_a
HERMAN, Gail New Delhi, 2009
942
_c
BK
008
210818s9999 xx 000 0 und d
999
_c
462941
_d
462940